000 00542nam a22001457a 4500
020 _a0-330-32148-X
082 _a823
_bCOO/T
100 _aCOOK,ROBIN
245 _aTERMINAL
260 _aLONDON
_bPAN BOOKS
300 _a445
520 _aTerminal, by Robin Cook, is a medical mystery about a man named Sean Murphy. Sean Murphy is a young medical student studying cancer biology, and he learns about a Florida based cancer treatment center with 100% success rate for a certain type of tumor.
650 _aNOVEL,ENGLISH
_zLONDON
942 _cBK
999 _c2498
_d2498